Normal view
MARC view
- Schmitz, Norbert L
Entry Personal Name
001 - CONTROL NUMBER
- control field: 103728
003 - CONTROL NUMBER IDENTIFIER
- control field: NUST
005 - DATE AND TIME OF LATEST TRANSACTION
- control field: 20221128163814.0
008 - FIXED-LENGTH DATA ELEMENTS
- fixed length control field: 221128|| aca||aabn | a|a d
040 ## - CATALOGING SOURCE
- Original cataloging agency: NUST
- Transcribing agency: NUST
100 ## - HEADING--PERSONAL NAME
- Personal name: Schmitz, Norbert L
670 ## - SOURCE DATA FOUND
- Source citation: Work cat.: (NUST)183834: Schmitz, Norbert L., Introductory electromechanics /, [1965]
